000 00539nam a2200193Ia 4500
003 IN-BaIIA
008 211028s9999 xx 000 0 eng d
020 _a0-85226-532-8
040 _cIIA Library
080 _a533
_bLON
100 _aLongmire, Conard L
_98019
245 0 _aElementary plasma physics
_cConard L. Longmire
260 _aNew Delhi
_bWiley Eastern
_c1971
300 _axi, 296p.
650 _a Plasma physics 
_98020
650 _a Plasmas
_98021
650 _aAstronomy and astrophysics thesaurus 
_91143
942 _cBK
999 _c4560
_d4560